| 000 | 00000nam##2200000za#4500 |
| 001 | 9.698960 |
| 003 | CaOODSP |
| 005 | 20241203113638 |
| 007 | cr ||||||||||| |
| 008 | 150407|2004||||xxc|||||o f|0| 0 eng|d |
| 040 | |aCaOODSP|beng |
| 043 | |an-cn--- |
| 086 | 1 |aEn164-44/2004E-PDF |
| 110 | 1 |aCanada. |bEnvironment Canada. |
| 245 | 10|aGreat Lakes Binational Toxics Strategy : |h[electronic resource]|bCanada - United States strategy for the virtual elimination of persistent toxic substances in the Great Lakes / |c[in collaboration with the] U.S. Environmental Protection Agency. |
| 260 | |aBurlington - Ontario : |bEnvironment Canada |c[2004]. |
| 300 | |a22p.|bphotographs |
| 590 | |a14-05-Supp|b2014-02-26 |
| 690 | 07|aToxic substances|2gcpds |
| 690 | 07|aLakes|2gcpds |
| 690 | 07|aEnvironmental protection|2gcpds |
| 775 | 08|tLa Stratégie binationale relative aux toxiques des Grands Lacs : |w(CaOODSP)9.642957 |
| 856 | 40|ahttp://publications.gc.ca|qPDF|s3.57 MB|uhttps://publications.gc.ca/collections/collection_2014/ec/En164-44-2004-eng.pdf |